000 00542nam a22001817a 4500
005 20251108165244.0
008 250721s1991 xx 000 0 ara d
082 1 4 _a553.41/مار
100 1 _aمارفونين، أ.س.
245 1 0 _aالذهب :
_bمضامينه - إكتشافاته - الهجمات عليه /
264 1 _aدمشق :
_bدار الفاضل،
_c1991.
300 _a435ص
650 1 7 _aالمجوهرات
650 1 7 _aالذهب
700 1 _aخوري، ميشيل
_eترجمة
942 _2ddc
_cBK
999 _c23366
_d23366